000 01007nam a2200277 a 4500
001 362
003 BR-CuiBMT
005 20231122001108.0
008 231101s2015 mgb 000 0 por d
020 _a9788545000228
040 _aBR-CuiBMT
_cBR-CuiBMT
080 _22007
_a342.72/.73:35
090 _a342.72/.73:35
_bA174
245 0 0 _aAcesso à informação pública /
_cRafael Valim, Antonio Carlos Malheiros, Josephina Bacariça (in memoriam), coordenadores ; [autores: Ana Paola Amorim ... et al.] ; Celso Antônio Bandeira de Melo, prefácio.
260 _aBelo Horizonte :
_bFórum,
_cc2015.
300 _a271 p. ;
_c22 cm
500 _aVários colaboradores.
504 _aInclui bibliografia.
650 _aAcesso à informação pública
_zBrasil
650 _aDireito à informação
_zBrasil
700 1 _aValim, Rafael
_dcoord.
700 1 _aMalheiros, Antonio Carlos
_4coord.
700 1 _aBacariça, Josephina
_4coord.
700 1 _aAmorim, Ana Paola
_eet al.
_eautores
942 _2udc
_cLV
999 _c362
_d362